000 007740000a22002050004500
090 _aSERIADAS
245 1 0 _aDiversidad de macroinvertebrados acuáticos en un nacimiento de río en el páramo de Santurbán, Norte de Santander
044 _aColombia
041 0 _aEspañol
690 _aMacroinvertebrados acuáticos
_992494
690 _aDiversidad biológica
_9100592
690 _aDiptera
_96884
690 _aNacimientos de agua
_994307
690 _aNacimientos de agua
_994307
651 4 _dNorte de Santander
_lPáramo de Santurbán
_992749
700 1 _aSerrato, Clemencia
_999967
100 1 _aCastellanos, Pablo Manuel
_9100646
942 _cARTICULO
773 1 _tRevista de la Academia Colombiana de Ciencias Exactas, Físicas y Naturales
_h122
_q79-86
_d2008
_g32
999 _c16348
_d16348